000 00371 a2200133 4500
001 87766
082 _aPR 143
090 _c41225
_d41225
100 _aMuhammad Muneeb Safdar, Plt Off 15474
245 _aModeling of 3D layout of fuel system of JF-17 aircraft in catia
260 _aRisalpur
_bNUST Risalpur
_c2010
300 _axiii, 79p.
500 _aBE Project Reports
942 _aCAE NUST
_kPR 143
999 _c322839
_d322839